Management and cost accounting / (Record no. 4490)

000 -LEADER
fixed length control field 02374cam a22004098i 4500
001 - CONTROL NUMBER
control field 22874221
003 - CONTROL NUMBER IDENTIFIER
control field OSt
005 - DATE AND TIME OF LATEST TRANSACTION
control field 20260331111427.0
006 - FIXED-LENGTH DATA ELEMENTS--ADDITIONAL MATERIAL CHARACTERISTICS--GENERAL INFORMATION
fixed length control field m |o d |
007 - PHYSICAL DESCRIPTION FIXED FIELD--GENERAL INFORMATION
fixed length control field cr_|||||||||||
008 - FIXED-LENGTH DATA ELEMENTS--GENERAL INFORMATION
fixed length control field 221110s2023 nju o 001 0 eng
010 ## - LIBRARY OF CONGRESS CONTROL NUMBER
LC control number 2022054701
020 ## - INTERNATIONAL STANDARD BOOK NUMBER
International Standard Book Number 9781292436043
Qualifying information (epub)
020 ## - INTERNATIONAL STANDARD BOOK NUMBER
International Standard Book Number 9781292436036
Qualifying information (ebook)
020 ## - INTERNATIONAL STANDARD BOOK NUMBER
Cancelled/invalid ISBN 9781292436029
Qualifying information (paperback)
035 ## - SYSTEM CONTROL NUMBER
System control number 22874221
040 ## - CATALOGING SOURCE
Original cataloging agency DLC
Language of cataloging eng
Transcribing agency DLC
Description conventions rda
042 ## - AUTHENTICATION CODE
Authentication code pcc
050 00 - LIBRARY OF CONGRESS CALL NUMBER
Classification number HF5686.C8B45 2023
082 00 - DEWEY DECIMAL CLASSIFICATION NUMBER
Classification number 657/.42
Edition number 23/eng/20221110
100 1# - MAIN ENTRY--PERSONAL NAME
Personal name Bhimani, Alnoor,
Relator term author.
245 10 - TITLE STATEMENT
Title Management and cost accounting /
Statement of responsibility, etc Alnoor Bhimani, London School of Economics and Political Science, Charles T. Horngren, Stanford University, Srikant M. Datar, Harvard University, Madhav V. Rajan, University of Chicago.
250 ## - EDITION STATEMENT
Edition statement Eighth Edition.
263 ## - PROJECTED PUBLICATION DATE
Projected publication date 2305
300 ## - PHYSICAL DESCRIPTION
Extent 1 online resource
500 ## - GENERAL NOTE
General note Revised edition of the authors' Management and cost accounting, [2018]
500 ## - GENERAL NOTE
General note Includes index.
520 ## - SUMMARY, ETC.
Summary, etc "Accounting influences our lives. Whether or not one uses accounting information, accounting alters our social, economic and physical environment. And of course, it impacts organisations and altering what we do and the decisions we make. Corporate action regarding new product developments, pricing strategy, staff recruitment and salary levels are usually directly influenced by accounting information. At times, accounting motivates certain types of managerial behaviours and discourages others. This book is about understanding the preparation and use of management and cost accounting information, taking account of how it influences decisions. But accounting is not a pre-given in form or process and in this sense accounting is also continuously being reshaped by its context. The book therefore also extensively discusses how different factors alter accounting techniques and processes"--
650 #0 - SUBJECT ADDED ENTRY--TOPICAL TERM
Topical term or geographic name as entry element Cost accounting.
650 #0 - SUBJECT ADDED ENTRY--TOPICAL TERM
Topical term or geographic name as entry element Managerial accounting.
700 1# - ADDED ENTRY--PERSONAL NAME
Personal name Horngren, Charles T.,
Dates associated with a name 1926-2011.
700 1# - ADDED ENTRY--PERSONAL NAME
Personal name Datar, Srikant M.,
Relator term author.
776 08 - ADDITIONAL PHYSICAL FORM ENTRY
Display text Print version:
Main entry heading Bhimani, Alnoor.
Title Management and cost accounting
Edition Eighth Edition.
Place, publisher, and date of publication Hoboken, NJ : Pearson, 2023
International Standard Book Number 9781292436029
Record control number (DLC) 2022054700
906 ## - LOCAL DATA ELEMENT F, LDF (RLIN)
a 7
b cbc
c orignew
d 1
e ecip
f 20
g y-gencatlg
942 ## - ADDED ENTRY ELEMENTS (KOHA)
Source of classification or shelving scheme
Koha item type Book
Holdings
Withdrawn status Lost status Source of classification or shelving scheme Damaged status Not for loan Home library Current library Shelving location Date acquired Total Checkouts Full call number Barcode Date last seen Copy number Price effective from Koha item type
          Riara University Library Riara University Library General stack 31/03/2026   HF5686.C8B45 2023 10904/26 31/03/2026 C.1 31/03/2026 Book
          Riara University Library Riara University Library General stack 31/03/2026   HF5686.C8B45 2023 10905/26 31/03/2026 C.2 31/03/2026 Book

Riara University Library,
P.O. Box 49940-00100,
Nairobi, Kenya.